Заседание в Книжной палате 18-го февраля 1627 года по поводу исправлений Катихизиса Лаврентия Зизания / (Record no. 428616)
[ view plain ]
| 000 -LEADER | |
|---|---|
| fixed length control field | 00876nam a22002057a 4500 |
| 003 - CONTROL NUMBER IDENTIFIER | |
| control field | AM-YeHGA |
| 040 ## - CATALOGING SOURCE | |
| Original cataloging agency | AM-YeHGA |
| 090 ## - LOCALLY ASSIGNED LC-TYPE CALL NUMBER (OCLC); LOCAL CALL NUMBER (RLIN) | |
| -- | 431137 |
| 005 - DATE AND TIME OF LATEST TRANSACTION | |
| control field | 20250617155220.0 |
| 008 - FIXED-LENGTH DATA ELEMENTS--GENERAL INFORMATION | |
| fixed length control field | 190327s ||||| |||| 00| 0 rus d |
| 041 0# - LANGUAGE CODE | |
| Language code of text/sound track or separate title | rus |
| 245 00 - TITLE STATEMENT | |
| Title | Заседание в Книжной палате 18-го февраля 1627 года по поводу исправлений Катихизиса Лаврентия Зизания / |
| 260 ## - PUBLICATION, DISTRIBUTION, ETC. | |
| Place of publication, distribution, etc. | Санкт-Петербург : |
| Name of publisher, distributor, etc. | Тип. В.С. Балашева, |
| Date of publication, distribution, etc. | 1878. |
| 300 ## - PHYSICAL DESCRIPTION | |
| Extent | [2], 8, 46 с. : |
| Other physical details | [1] л. фронт. |
| 440 #0 - SERIES STATEMENT/ADDED ENTRY--TITLE | |
| Title | Общество любителей древней письменности |
| Volume/sequential designation | 17 |
| 600 14 - SUBJECT ADDED ENTRY--PERSONAL NAME | |
| Personal name | Зизаний, Лаврентий Иванович |
| 653 0# - INDEX TERM--UNCONTROLLED | |
| Uncontrolled term | Книжные палаты |
| 653 0# - INDEX TERM--UNCONTROLLED | |
| Uncontrolled term | Старообрядчество - История |
| 942 ## - ADDED ENTRY ELEMENTS (KOHA) | |
| Source of classification or shelving scheme | Universal Decimal Classification |
| Koha item type | Գրքեր / Books |
| Withdrawn status | Lost status | Source of classification or shelving scheme | Damaged status | Not for loan | Collection | Home library | Current library | Date acquired | Total checkouts | Full call number | Barcode | Date last seen | Price effective from | Koha item type | Public note |
|---|---|---|---|---|---|---|---|---|---|---|---|---|---|---|---|
| Universal Decimal Classification | General | Fundamental Scientific Library | Fundamental Scientific Library | 27/03/2019 | РД II/54472 | FL0568825 | 27/03/2019 | 27/03/2019 | Գրքեր / Books | 30 Days Loan |
ՀՀ Գիտությունների ազգային ակադեմիայի հիմնարար գիտական գրադարան = Fundamental Scientific Library of NAS RA
All site content, except where otherwise noted, is licensed under a